Central Library OPAC University of Rajshahi

The challenge of world poverty : (Record no. 4477)

MARC details
000 -LEADER
fixed length control field 01107cam a2200289 4500
001 - CONTROL NUMBER
control field 4477
003 - CONTROL NUMBER IDENTIFIER
rucl marc code BD-RjUL
005 - DATE AND TIME OF LATEST TRANSACTION
control field 20211208233911.0
008 - FIXED-LENGTH DATA ELEMENTS--GENERAL INFORMATION
fixed length control field 131222s1970 nyu b 000 0 eng
035 ## - SYSTEM CONTROL NUMBER
System control number (BD-RjUL)4512
040 ## - CATALOGING SOURCE
Original cataloging agency DLC
Transcribing agency DLC
Modifying agency DLC
Language of cataloging eng
041 ## - LANGUAGE CODE
Language code of text/sound track or separate title eng
082 00 - DEWEY DECIMAL CLASSIFICATION NUMBER
Classification number 338.911724
Edition number 16
Author mark and year MYC 1970
100 1# - MAIN ENTRY--PERSONAL NAME
Personal name Myrdal, Gunnar,
Dates associated with a name 1898-1987.
9 (RLIN) 5787
245 14 - TITLE STATEMENT
Title The challenge of world poverty :
Remainder of title a world anti-poverty program in outline /
Statement of responsibility, etc. With a foreword by Francis O. Wilcox.
260 ## - PUBLICATION, DISTRIBUTION, ETC. (IMPRINT)
Place of publication, distribution, etc. New York :
Name of publisher, distributor, etc. Pantheon Books,
Date of publication, distribution, etc. 1970
300 ## - PHYSICAL DESCRIPTION
Pagination xviii, 463 p.
Size 22 cm.
350 ## - PRICE (NR) (BK AM CF MU VM SE) [OBSOLETE]
Price 8.95
500 ## - GENERAL NOTE
General note An outgrowth of the author's three lectures delivered at the Johns Hopkins University School of Advanced International Studies in Mar. 1969, and a continuation of the author's 3-v. work entitled Asian drama.
504 ## - BIBLIOGRAPHY, ETC. NOTE
Bibliography, etc Includes bibliographical references.
526 ## - STUDY PROGRAM INFORMATION NOTE
Requested Dept. Economics
650 #0 - SUBJECT ADDED ENTRY--TOPICAL TERM
Topical term or geographic name as entry element Economic assistance
Geographic subdivision Developing countries.
9 (RLIN) 9441
942 ## - ADDED ENTRY ELEMENTS (KOHA)
Source of classification or shelving scheme Dewey Decimal Classification
Koha item type Books
Holdings
Lost status Source of classification or shelving scheme Damaged status Not for loan Collection code Permanent Location Current Location Shelving location Date acquired Source of acquisition Total Checkouts Full call number Date last seen Copy number Koha item type
  Dewey Decimal Classification   Not For Loan Non-fiction Central Library, University of Rajshahi Central Library, University of Rajshahi Reading Room 24/10/1990 Shaukat Osman Gift   338.911724 MYC 1970 22/12/2013 C-1 Books